000 00537nam a2200169 i 4500
001 88639
003 ES-MaACL
005 20230906175909.0
007 t|
008 050105s1967 sp ||||1| spa d
100 1 _aLambin, Jean-Jacques.
_969827
245 1 0 _aInformación, decisión y eficacia comercial /
_cJean-Jacques Lambin ; traducido por Mª del Carmen Balzátegui.
260 _aBilbao :
_bDeusto,
_c1967.
300 _a506 p. ;
_c22 cm.
700 1 _aBalzategui, María Carmen.
_925140
852 _aES-MaACL
_jC-33060
_bR.63672
999 _c88639
_d88639